[Event "NOR-ch Class5"]
[Site "Lillehammer"]
[Date "2013.06.29"]
[Round "3"]
[White "Nygaard, Kjell A"]
[Black "Korneliussen, Erik"]
[Result "1-0"]
[WhiteElo "514"]
[BlackElo "867"]
[PlyCount "67"]
[EventDate "2013.06.29"]
[EventType "swiss"]
[EventRounds "9"]
[EventCountry "NOR"]
[SourceTitle "EXT 2017"]
[Source "ChessBase"]
[SourceDate "2016.10.25"]
[SourceVersion "1"]
[SourceVersionDate "2016.10.25"]
[SourceQuality "1"]

1. e4 e5 2. Bc4 Nf6 3. d3 a6 4. Nf3 d6 5. 0-0 b5 6. Bb3 Be6 7. Bxe6 fxe6 8. Nc3 Nh5 9. Bg5 Be7 10. Bxe7 Qxe7 11. g3 g5 12. h4 h6 13. a3 g4 14. Nh2 Nc6 15. Nxg4 Rd8 16. Ne3 Nd4 17. Qxh5+ Kd7 18. a4 Rdf8 19. axb5 Nf3+ 20. Kg2 Qf7 21. Qxf7+ Rxf7 22. bxa6 Ra8 23. Ng4 Nd2 24. Rfd1 Rg7 25. Nxh6 Nc4 26. dxc4 d5 27. exd5 Rh8 28. a7 Rg6 29. a8Q Rxa8 30. Rxa8 Rxh6 31. dxe6+ Kxe6 32. Re8+ Kf7 33. Rxe5 Kf6 34. Rde1 1-0

[Event "NOR-ch Class5"]
[Site "Lillehammer"]
[Date "2013.06.29"]
[Round "9"]
[White "Prytz, Otto"]
[Black "Korneliussen, Erik"]
[Result "1-0"]
[WhiteElo "960"]
[BlackElo "867"]
[PlyCount "45"]
[EventDate "2013.06.29"]
[EventType "swiss"]
[EventRounds "9"]
[EventCountry "NOR"]
[SourceTitle "EXT 2017"]
[Source "ChessBase"]
[SourceDate "2016.10.25"]
[SourceVersion "1"]
[SourceVersionDate "2016.10.25"]
[SourceQuality "1"]

1. d4 d5 2. c4 dxc4 3. Nf3 c5 4. Nc3 b6 5. e3 Nc6 6. Bxc4 Be6 7. Bxe6 fxe6 8. 0-0 Nf6 9. dxc5 Qc7 10. cxb6 Qxb6 11. Na4 Qc7 12. Bd2 Ng4 13. Rc1 e5 14. Ng5 e4 15. Qxg4 Rd8 16. Rfd1 g6 17. Qxe4 h6 18. Qxg6+ Kd7 19. Ba5+ Kc8 20. Bxc7 Kxc7 21. Qxc6+ Kb8 22. Qc7+ Ka8 23. Rxd8# 1-0